Normal view
MARC view
Entry Topical Term
001 - CONTROL NUMBER
- control field: 18512
003 - CONTROL NUMBER IDENTIFIER
- control field: dpl
005 - DATE AND TIME OF LATEST TRANSACTION
- control field: 20100906114924.0
008 - FIXED-LENGTH DATA ELEMENTS
- fixed length control field: 100906|||a|||||| | ||| d
040 ## - CATALOGING SOURCE
- Original cataloging agency: dpl
- Transcribing agency: dpl
150 ## - HEADING--TOPICAL TERM
- Topical term or geographic name as entry element: Rural poor
- Form subdivision: Congresses.
- Geographic subdivision: India
670 ## - SOURCE DATA FOUND
- Source citation: Work cat.: (dpl): 18461, Environmental issues of development /, 2006
670 ## - SOURCE DATA FOUND
- Source citation: Work cat.: (dpl): 18461, Environmental issues of development /, 2006
